California County Seat Quiz - Statistics

General Stats
  • This quiz has been taken 776 times
  • The average score is 33 of 58
Answer Stats
Hint Answer % Correct
Los Angeles County Los Angeles
94%
Fresno County Fresno
93%
San Diego County San Diego
93%
Alameda County Oakland
92%
San Francisco County San Francisco
92%
Sacramento County Sacramento
90%
Riverside County Riverside
88%
Santa Barbara County Santa Barbara
87%
Santa Cruz County Santa Cruz
87%
San Bernardino County San Bernardino
85%
Santa Clara County San Jose
85%
Merced County Merced
84%
Napa County Napa
84%
San Luis Obispo County San Luis Obispo
83%
Kern County Bakersfield
82%
Humboldt County Eureka
77%
Ventura County Ventura
75%
San Joaquin County Stockton
73%
Orange County Santa Ana
70%
Shasta County Redding
68%
Stanislaus County Modesto
64%
Monterey County Salinas
64%
Sonoma County Santa Rosa
62%
Madera County Madera
58%
Sutter County Yuba City
58%
Del Norte County Crescent City
55%
El Dorado County Placerville
53%
Siskiyou County Yreka
52%
San Mateo County Redwood City
51%
Marin County San Rafael
50%
Tulare County Visalia
50%
Solano County Fairfield
49%
Colusa County Colusa
47%
Mariposa County Mariposa
47%
Imperial County El Centro
46%
Contra Costa County Martinez
46%
Nevada County Nevada City
45%
Lassen County Susanville
40%
San Benito County Hollister
39%
Alpine County Jackson
39%
Tehama County Red Bluff
39%
Mendocino County Ukiah
39%
Placer County Auburn
37%
Butte County Oroville
37%
Modoc County Alturas
34%
Kings County Hanford
34%
Yuba County Marysville
34%
Yolo County Woodland
33%
Mono County Bridgeport
32%
Inyo County Independence
32%
Tuolumne County Sonora
32%
Amador County Markleeville
31%
Lake County Lakeport
30%
Trinity County Weaverville
28%
Plumas County Quincy
25%
Calaveras County San Andreas
25%
Glenn County Willows
25%
Sierra County Downieville
22%
No matching quizzes found
Score Distribution
Percent of People with Each Score
Percentile by Number Answered
Your Score History
You have not taken this quiz